00714nam a2200217 i 450000100060000000300090000600500170001500700030003200800410003510000320007624500890010825000120019726000480020930000210025774000120027874000190029074000160030985200320032599900170035795201220037495970ES-MaACL20230906181818.0t|050608s1972 sp ||||1| spa d1 aMachimbarrena, Juan.97518410aInflación y deflación; El oro; El socialismo; Los judios / cJuan Machimbarrena. a2ª ed. aErgobia : b[s.n.], c1972 (fImp. Nerecan) a99 p. ; c22 cm.3 aEl oro.3 aEl socialismo.4 aLos judios. aES-MaACLjC-47334 bR.83011 c95970d95970 00104070aATENEOMbATENEOMcDEPO2d2008-01-17eSCl0oC-47334p1100205r2023-02-23 00:00:00w2023-02-23yMONOGRAFIA